Protocols for neural cell culture / (رقم التسجيلة. 26443)
[ عرض عادي ]
| 000 -الفاتح | |
|---|---|
| حقل البيانات ثابتة الطول | 01952cam a22005177a 4500 |
| 001 - رقم الضبط | |
| رقم الضبط | 15813662 |
| 003 - محدد رقم الضبط | |
| رقم الضبط | OSt |
| 005 - وقت وتاريخ اخر تعامل مع التسجيلة | |
| رقم الضبط | 20150408114104.0 |
| 008 - عناصر البيانات ثابتة الطول - معلومات عامة | |
| حقل البيانات ثابتة الطول | 090710s2010 nyua b 001 0 eng |
| 010 ## - رقم ضبط مكتبة الكونجرس | |
| رقم ضبط مكتبة الكونجرس | 2009932368 |
| 015 ## - رقم الببليوجرافية الوطنية | |
| رقم الببليوجرافية الوطنية | GBA957104 |
| المصدر | bnb |
| 016 7# - رقم ضبط الوكاله الوطنية للضبط الببليوجرافي | |
| رقم ضبط التسجيلة | 101526330 |
| المصدر | DNLM |
| 016 7# - رقم ضبط الوكاله الوطنية للضبط الببليوجرافي | |
| رقم ضبط التسجيلة | 015286823 |
| المصدر | Uk |
| 020 ## - الرقم الدولى المعيارى للكتب | |
| الرقم الدولى المعيارى للكتاب | 9781607612919 (pbk. : alk. paper) |
| 020 ## - الرقم الدولى المعيارى للكتب | |
| الرقم الدولى المعيارى للكتاب | 1607612917 (pbk. : alk. paper) |
| 020 ## - الرقم الدولى المعيارى للكتب | |
| الرقم الدولى المعيارى للكتاب | 9781607612926 (ebook) |
| 020 ## - الرقم الدولى المعيارى للكتب | |
| الرقم الدولى المعيارى للكتاب | 1607612925 (ebook) |
| 035 ## - رقم ضبط النظام | |
| رقم ضبط النظام | (OCoLC)ocn463632459 |
| 040 ## - مصدر الفهرسة | |
| وكالة الفهرسة الأصلية | NLM |
| وكالة النسخ | NLM |
| وكالة التعديل | UKM |
| -- | BWX |
| -- | TEF |
| -- | DEBBG |
| -- | DLC |
| 042 ## - رمز التحقق | |
| رمز التحقق | ukblcatcopy |
| -- | nlmcopyc |
| -- | lccopycat |
| 050 00 - رقم طلب مكتبة الكونجرس | |
| رقم التصنيف | QP356.25 |
| رقم المادة | .P765 2010 |
| 060 00 - رقم الطلب بالمكتبة الطبية الوطنية | |
| رقم التصنيف | 2010 C-461 |
| 060 10 - رقم الطلب بالمكتبة الطبية الوطنية | |
| رقم التصنيف | WL 25 |
| رقم المادة | P967 2010 |
| 082 04 - رقم تصنيف ديوى العشرى | |
| رقم التصنيف | 611.0188 |
| رقم الطبعة | 22 |
| رقم المادة | PRN |
| 084 ## - رقم تصنيف آخر | |
| رقم التصنيف | WX 6600 |
| مصدر الرقم | rvk |
| 245 00 - بيان العنوان | |
| العنوان | Protocols for neural cell culture / |
| بيان المسئوليه,etc | edited by Laurie C. Doering. |
| 250 ## - بيان الطبعة | |
| بيان الطبعة | 4th ed. |
| 260 ## - PUBLICATION, DISTRIBUTION, ETC. (IMPRINT) | |
| مكان الناشر او الموزع | New York : |
| اسم الناشر او الموزع | Humana Press, |
| تاريخ النشر أو التوزيع | c2010. |
| 300 ## - الوصف المادى | |
| التعداد | xi, 400 p. : |
| تفاصيل ماديه اخرى للوعاء | ill. (some col.) ; |
| أبعاد الوعاء | 26 cm. |
| 500 ## - تبصرة عامة | |
| تبصرة عامة | Previous ed.: 2001. |
| 504 ## - تبصرة ببليوجرافية | |
| تبصرة ببليوجرافية,الخ | Includes bibliographical references and index. |
| 650 #0 - المدخل الاضافى بالموضوع-مصطلح موضوعى | |
| مصطلح موضوعي أو اسم جغرافي كعنصر مدخل | Nerve tissue |
| التقسيم الفرعي العام | Cultures and culture media |
| التقسيم الفرعي الشكلي | Laboratory manuals. |
| 9 (RLIN) | 18347 |
| 650 #0 - المدخل الاضافى بالموضوع-مصطلح موضوعى | |
| مصطلح موضوعي أو اسم جغرافي كعنصر مدخل | Neurals |
| التقسيم الفرعي العام | Growth |
| التقسيم الفرعي الشكلي | Laboratory manuals. |
| 9 (RLIN) | 18348 |
| 650 12 - المدخل الاضافى بالموضوع-مصطلح موضوعى | |
| مصطلح موضوعي أو اسم جغرافي كعنصر مدخل | Nerve Tissue |
| التقسيم الفرعي العام | cytology |
| التقسيم الفرعي الشكلي | Laboratory Manuals. |
| 9 (RLIN) | 18349 |
| 650 22 - المدخل الاضافى بالموضوع-مصطلح موضوعى | |
| مصطلح موضوعي أو اسم جغرافي كعنصر مدخل | Culture Techniques |
| التقسيم الفرعي العام | methods |
| التقسيم الفرعي الشكلي | Laboratory Manuals. |
| 9 (RLIN) | 18350 |
| 650 22 - المدخل الاضافى بالموضوع-مصطلح موضوعى | |
| مصطلح موضوعي أو اسم جغرافي كعنصر مدخل | Neurons |
| التقسيم الفرعي العام | cytology |
| التقسيم الفرعي الشكلي | Laboratory Manuals. |
| 9 (RLIN) | 18351 |
| 650 07 - المدخل الاضافى بالموضوع-مصطلح موضوعى | |
| مصطلح موضوعي أو اسم جغرافي كعنصر مدخل | Nervenzelle. |
| مصدر الرأس أو المصطلح | swd |
| 9 (RLIN) | 18352 |
| 650 07 - المدخل الاضافى بالموضوع-مصطلح موضوعى | |
| مصطلح موضوعي أو اسم جغرافي كعنصر مدخل | Zellkultur. |
| مصدر الرأس أو المصطلح | swd |
| 655 #4 - مصطلح تكشيفى-نوع/شكل | |
| بيانات النوع/ الشكل أو المصطلح الأساسي | Aufsatzsammlung. |
| 9 (RLIN) | 8431 |
| 655 #7 - مصطلح تكشيفى-نوع/شكل | |
| بيانات النوع/ الشكل أو المصطلح الأساسي | Aufsatzsammlung. |
| مصدر المصطلح | swd |
| 9 (RLIN) | 8431 |
| 700 1# - المدخل الاضافى - اسم شخصى | |
| الإسم الشخصى | Doering, Laurie C. |
| الشكل الأكمل للاسم | (Laurie Caley), |
| التواريخ المصاحبة للاسم | 1953- |
| 9 (RLIN) | 18353 |
| 856 4# - الوصول و الموقع الالكترونى | |
| معرف المصدر الموحد | <a href="http://swbplus.bsz-bw.de/bsz313729352inh.htm">http://swbplus.bsz-bw.de/bsz313729352inh.htm</a> |
| مواد محددة | Inhaltsverzeichnis |
| 906 ## - عنصر بيانات محلى F, LDF (RLIN) | |
| a | 7 |
| b | cbc |
| c | copycat |
| d | 2 |
| e | epcn |
| f | 20 |
| g | y-gencatlg |
| 942 ## - عناصر المدخل الإضافي( كوها) | |
| مصدر التصنيف او مخطط الترفيف | Dewey Decimal Classification |
| Koha [default] item type | DVD |
| حالة الفقد | نموذج السعر الفعال | حالة تلف | ليس للاعارة | رقم الطلب | تاريخ الاكتساب | الموقع الحالي | الباركود | الفرع الرئيسي | Date last seen | نوع المادة فى نظام كوها | مصدر التصنيف او خطة الترفيف | Total Checkouts |
|---|---|---|---|---|---|---|---|---|---|---|---|---|
| 2013-03-10 | 611.0188 PRN | 2012-12-24 | المكتبة المركزية بالمجمعة (CL) | 00401080 | المكتبة المركزية بالمجمعة (CL) | 2013-03-10 | كتاب | Dewey Decimal Classification | ||||
| 2013-03-10 | 611.0188 PRN | 2012-12-24 | المكتبة المركزية بالمجمعة (CL) | 00401076 | المكتبة المركزية بالمجمعة (CL) | 2013-03-10 | كتاب | Dewey Decimal Classification | ||||
| 2013-03-10 | 611.0188 PRN | 2012-12-24 | المكتبة المركزية بالمجمعة (CL) | 00401079 | المكتبة المركزية بالمجمعة (CL) | 2013-03-10 | كتاب | Dewey Decimal Classification |
